An introduction to national archives (Record no. 507172)

000 -LEADER
fixed length control field 00346nam a2200121 4500
082 ## - DEWEY DECIMAL CLASSIFICATION NUMBER
Classification number I56x54
100 ## - MAIN ENTRY--PERSONAL NAME
Personal name India. National Archives of India
9 (RLIN) 1036
245 ## - TITLE STATEMENT
Title An introduction to national archives
Statement of responsibility, etc by Ministry of Education
250 ## - EDITION STATEMENT
Edition statement edited by K.D. Bhargava
260 ## - PUBLICATION, DISTRIBUTION, ETC. (IMPRINT)
Place of publication, distribution, etc Delhi
Name of publisher, distributor, etc National Archives of India
300 ## - PHYSICAL DESCRIPTION
Extent 32p.
942 ## - ADDED ENTRY ELEMENTS (KOHA)
Source of classification or shelving scheme
Holdings
Withdrawn status Lost status Source of classification or shelving scheme Damaged status Koha normalized classification for sorting Not for loan Permanent location Current location Date acquired Full call number Barcode Date last seen Price effective from Koha item type
        I_56X54   Indian Institute of Public Administration Indian Institute of Public Administration 2019-02-04 I56x54 GG34180 2019-02-04 2019-02-04 GG

Powered by Koha